000129500 001__ 129500 000129500 005__ 20240722073441.0 000129500 0247_ $$2WOS$$aWOS:000172097500088 000129500 0247_ $$2HSB$$a999910256516 000129500 0247_ $$2ISBN$$a981-02-4533-5 000129500 037__ $$aRWTH-CONV-199487 000129500 041__ $$aEnglish 000129500 1001_ $$0P:(DE-82)026516$$aMartyn, Hans-Ulrich$$b0$$eAuthor$$urwth 000129500 1112_ $$a30. International Conference on High Energy Physics$$cOsaka$$d2000-07-27 - 2000-08-02$$wJapan 000129500 245__ $$aEvent shape studies at HERA$$hprint 000129500 260__ $$aSingapore [u.a.]$$bWorld Scientific$$c2000 000129500 29510 $$aProceedings of the 30th International Conference on High Energy Physics : Osaka, Japan, 27 July - 2 August, 2000 / Ed.: C. S. Lim; Taku Yamanaka. - Vol. 1 000129500 300__ $$a543-545 000129500 3367_ $$0PUB:(DE-HGF)8$$2PUB:(DE-HGF)$$aContribution to a conference proceedings$$bcontrib$$mcontrib 000129500 3367_ $$033$$2EndNote$$aConference Paper 000129500 3367_ $$2ORCID$$aCONFERENCE_PAPER 000129500 3367_ $$2DataCite$$aOutput Types/Conference Paper 000129500 3367_ $$2DRIVER$$aconferenceObject 000129500 3367_ $$2BibTeX$$aINPROCEEDINGS 000129500 3367_ $$0PUB:(DE-HGF)7$$2PUB:(DE-HGF)$$aContribution to a book 000129500 591__ $$aGermany 000129500 909CO $$ooai:publications.rwth-aachen.de:129500$$pVDB 000129500 9151_ $$0StatID:(DE-HGF)0031$$2StatID$$aPeer reviewed article 000129500 9201_ $$0I:(DE-82)131110_20140620$$k131110$$lLehrstuhl für Experimentalphysik I A und I. Physikalisches Institut$$x0 000129500 9201_ $$0I:(DE-82)130000_20140620$$k130000$$lFachgruppe Physik$$x1 000129500 961__ $$c2014-11-24$$x2012-07-07$$z2012-02-20 000129500 970__ $$ahsb999910256516 000129500 980__ $$acontrib 000129500 980__ $$aI:(DE-82)131110_20140620 000129500 980__ $$aI:(DE-82)130000_20140620 000129500 980__ $$aVDB 000129500 980__ $$aUNRESTRICTED 000129500 980__ $$aConvertedRecord 000129500 980__ $$acontb